Normal view
MARC view
Entry Personal Name
001 - CONTROL NUMBER
- control field: 4094
003 - CONTROL NUMBER IDENTIFIER
- control field: HDC
005 - DATE AND TIME OF LATEST TRANSACTION
- control field: 20230624073155.0
008 - FIXED-LENGTH DATA ELEMENTS
- fixed length control field: 210114|| aca||aabn | a|a d
040 ## - CATALOGING SOURCE
- Original cataloging agency: HDC
- Transcribing agency: HDC
100 ## - HEADING--PERSONAL NAME
- Personal name: Tamene, L
670 ## - SOURCE DATA FOUND
- Source citation: Work cat.: (HDC): Vlek, P. L. G. author 4092, Food security and soil quality : Chapter 4, c2010.
